| 000 | 00370 a2200121 4500 | ||
|---|---|---|---|
| 001 | ART_14119 | ||
| 005 | 20260410161912.0 | ||
| 008 | 260409a | ||
| 245 | 1 | 0 | _aAdvertising and the aggregate demand for cigarettes |
| 100 | 1 | _aCowling, Keith | |
| 700 | 1 | _aJohnston, Jack | |
| 773 | 0 |
_tEuropean economic review _g- Vol. 14, NÂș 1 (jul. 1980) _wREV13346 |
|
| 999 |
_c26893 _d26893 |
||